[Event "Agneaux St Lo Masters"]
[Site "Agneaux"]
[Date "2002.07.17"]
[Round "9"]
[White "Georgescu, Gabriel"]
[Black "Duppel, Tina"]
[Result "1/2-1/2"]
[WhiteElo "2120"]
[BlackElo "2159"]
[PlyCount "21"]
[EventDate "2002.07.09"]
[EventType "tourn"]
[EventRounds "9"]
[EventCountry "FRA"]
[SourceTitle "EXT 2003"]
[Source "ChessBase"]
[SourceDate "2002.11.25"]
[SourceVersion "1"]
[SourceVersionDate "2002.11.25"]
[SourceQuality "1"]

1. d4 d5 2. c4 c6 3. cxd5 cxd5 4. Nc3 Nc6 5. Nf3 Nf6 6. Bf4 a6 7. e3 e6 8. Bd3 Be7 9. 0-0 0-0 10. Rc1 Bd7 11. Qe2 1/2-1/2

[Event "Agneaux St Lo Masters"]
[Site "Agneaux"]
[Date "2002.07.13"]
[Round "5"]
[White "Georgescu, Gabriel"]
[Black "Marchadour, Claire"]
[Result "1/2-1/2"]
[WhiteElo "2120"]
[BlackElo "2081"]
[PlyCount "83"]
[EventDate "2002.07.09"]
[EventType "tourn"]
[EventRounds "9"]
[EventCountry "FRA"]
[SourceTitle "EXT 2003"]
[Source "ChessBase"]
[SourceDate "2002.11.25"]
[SourceVersion "1"]
[SourceVersionDate "2002.11.25"]
[SourceQuality "1"]

1. e4 c5 2. Nf3 Nc6 3. d4 cxd4 4. Nxd4 Nf6 5. Nc3 e5 6. Ndb5 d6 7. Bg5 a6 8. Bxf6 gxf6 9. Na3 b5 10. Nd5 Bg7 11. c3 f5 12. Bd3 0-0 13. 0-0 Be6 14. Bc2 fxe4 15. Bxe4 Rc8 16. Ne3 f5 17. Bd5 Bxd5 18. Qxd5+ Kh8 19. Rad1 f4 20. Nec2 f3 21. g3 Rf6 22. Rd3 Qf8 23. Rfd1 Ne7 24. Qe4 Ng6 25. Ne1 Nf4 26. gxf4 Rxf4 27. Qd5 e4 28. Re3 Rc5 29. Qe6 Rg5+ 30. Kf1 Rfg4 31. Nxf3 exf3 32. Ke1 Be5 33. Nc2 Rg1+ 34. Kd2 Bf4 35. Rxg1 Rxg1 36. Qe4 Bxe3+ 37. Nxe3 Rh1 38. h4 Rg1 39. h5 Qf6 40. Qa8+ Kg7 41. Qxa6 Qe5 42. Qb7+ 1/2-1/2

[Event "Agneaux St Lo Masters"]
[Site "Agneaux"]
[Date "2002.07.10"]
[Round "2"]
[White "Georgescu, Gabriel"]
[Black "Bodenez, Claire"]
[Result "1/2-1/2"]
[WhiteElo "2120"]
[BlackElo "1990"]
[PlyCount "54"]
[EventDate "2002.07.09"]
[EventType "tourn"]
[EventRounds "9"]
[EventCountry "FRA"]
[SourceTitle "EXT 2003"]
[Source "ChessBase"]
[SourceDate "2002.11.25"]
[SourceVersion "1"]
[SourceVersionDate "2002.11.25"]
[SourceQuality "1"]

1. e4 e5 2. Nf3 Nc6 3. Bc4 Nf6 4. Qe2 Bc5 5. Ng5 Nd4 6. Qd1 0-0 7. c3 Ne6 8. d3 d5 9. exd5 Nxd5 10. Ne4 Bb6 11. 0-0 Kh8 12. Bxd5 Qxd5 13. Be3 f5 14. c4 Qd8 15. Nec3 c6 16. Bxb6 Qxb6 17. Qc1 Nd4 18. Na3 f4 19. Nc2 f3 20. Nxd4 fxg2 21. Re1 Qxd4 22. Qe3 Bf5 23. Qxd4 exd4 24. Ne4 b6 25. Kxg2 Rae8 26. f3 Bg6 27. b4 Bh5 1/2-1/2

[Event "ROM-chT"]
[Site "Calarasi"]
[Date "1995.??.??"]
[Round "?"]
[White "Cosma, Ioan"]
[Black "Georgescu, Gabriel"]
[Result "1-0"]
[WhiteElo "2440"]
[BlackElo "2420"]
[PlyCount "27"]
[EventDate "1995.??.??"]
[EventType "team"]
[EventRounds "9"]
[EventCountry "ROU"]
[SourceTitle "EXT 1999"]
[Source "ChessBase"]
[SourceDate "1998.11.16"]
[SourceVersion "1"]
[SourceVersionDate "1998.11.16"]
[SourceQuality "1"]

1. d4 d5 2. c4 c6 3. Nc3 e6 4. e4 dxe4 5. Nxe4 Bb4+ 6. Bd2 Bxd2+ 7. Qxd2 Nd7 8. Nd6+ Kf8 9. Nf3 c5 10. 0-0-0 cxd4 11. Qxd4 Ndf6 12. Ne5 Nh6 13. g4 Nd7 14. Nxc8 1-0